Bitcoin – najpoužívanejšia kryptomena súčasnosti
Stručná charakteristika kryptomien. Bitcoin, kryptomenové peňaženky, kryptoburzy. Ďalšie príklady kryptomien: Augur, BAT (Basic Attention Token), Xaurum, Macro. Vývoj bitcoinu a jeho regulácia.
Enregistré dans:
| Auteur principal: | |
|---|---|
| Autres auteurs: | |
| Format: | Chapitre de livre |
| Langue: | slovaque |
| Sujets: | |
| Tags: |
Pas de tags, Soyez le premier à ajouter un tag!
|
MARC
| LEADER | 00000naa$a2200000$$$4500 | ||
|---|---|---|---|
| 001 | 0250720 | ||
| 005 | 20240502074023.6 | ||
| 041 | 0 | |a slo | |
| 044 | |a SK | ||
| 245 | 1 | 0 | |a Bitcoin – najpoužívanejšia kryptomena súčasnosti |c Oľga Škvarčeková, Ivana Némethová |
| 520 | |a Stručná charakteristika kryptomien. Bitcoin, kryptomenové peňaženky, kryptoburzy. Ďalšie príklady kryptomien: Augur, BAT (Basic Attention Token), Xaurum, Macro. Vývoj bitcoinu a jeho regulácia. | ||
| 610 | 2 | 0 | |a peniaze |
| 610 | 2 | 0 | |a mena |
| 610 | 2 | 0 | |a mena digitálna |
| 610 | 2 | 0 | |a mena virtuálna |
| 610 | 2 | 0 | |a trh menový |
| 610 | 2 | 0 | |a regulácia |
| 100 | 1 | |a Škvarčeková, Oľga | |
| 700 | 1 | |a Némethová, Ivana | |